header

The little data book on Africa. (Record no. 21850)

MARC details
000 -LEADER
fixed length control field 01268nam a2200325Ia 4500
245 04 - TITLE STATEMENT
Title The little data book on Africa.
260 ## - PUBLICATION, DISTRIBUTION, ETC. (IMPRINT)
Place of publication Washington, D.C. :
Name of publisher World Bank,
Year of publication c2009.
300 ## - PHYSICAL DESCRIPTION
Number of Pages vi, 119 p.
490 0# - SERIES STATEMENT
Series statement Little data book on Africa ;
500 ## - GENERAL NOTE
General note "From Africa development indicators."
650 #0 - SUBJECT ADDED ENTRY--TOPICAL TERM
Topical Term Economic indicators
Topical Term Social indicators
856 40 - ELECTRONIC LOCATION AND ACCESS
Uniform Resource Identifier http://site.ebrary.com/lib/rucke/Doc?id=10273762

No items available.

© 2026 Rongo University
Contact us: librarian | system librarian | Rongo university